000 00671cam a22001814a 4500
005 20250605164353.0
008 250528s ||||||||||||||||||||||||d
035 _a24158
040 _aGR-AtMCL
_bgre
_dGR-AtMCL
_eAACR2
245 1 _aDecarbonising / Our Roundtable Participants Explore Electrification, Alternative Traction Technologies and Meeting Climate Targets
260 _bGlobal Railway,
_c2021
300 _a49
520 _aKey Success Factors for Transitioning to FRMCS, Establishing Cyber-Security for Next-Gen Rail, Indonesia's Developing Digital Railway.
700 1 _aWaters Craig
_99421
942 _cCR
999 _c9055
_d9055